000 01023nam a2200301 c 4500
999 _c344458
_d344458
003 BLK
005 20191008124747.0
008 180911b bul|||||r ||||||| ||bul||
010 _a004123
040 _aBLK
041 _aFRE
_cBUL
080 _aВалери, Пол
_x92
_z840.09840(092)92
100 1 _aBERNE-JOFFROY
_eпърви автор
_9399685
245 0 0 _aPresence de Valery
246 _aPrecede de Propos me concernant par Paul Valery
260 _aParis
_bPresences : Plon
_cs.a
_fTyp. Plon
300 _a238 с
_c18 см
380 _a82
490 _aЧастна колекция - Академик Михаил Арнаудов
_gДарение - Основен фонд
500 _aМихаил Арнаудов: негови-книга. - Подчертавания в текста : с. 167 и др.
650 _aБиографии
_9148657
650 _aПисатели
_9166332
655 _aЛитературознание
_9396446
700 1 _aBerne-Joffroy
_9399686
852 _aМА 3335
942 _cKNG
_n0
_s1
944 _aCR
_c1994
999 _d344458